000 00628cam a2200181 a 4500
020 _a0309047617
082 0 0 _a625.76
_bNAT
245 0 0 _aPavement management and weigh-in-motion.
260 _aWashington, D.C. :
_bTransportation Research Board, National Research Council,
_c1988.
300 _a106 p. :
_bill. ;
_c28 cm.
526 _a0
_b0
_c0
_d625_760000000000000_NAT
650 0 _aMCE
_9379
650 0 _aMotor vehicles
_xWeight.
_943720
650 0 _aPavements
_xLive loads.
_921678
650 0 _aPavements
_xMaintenance and repair
_xManagement.
_921695
710 2 _aNational Research Council (U.S.)
_920017
942 _2ddc
_cBK
999 _c547538
_d547538